[Event "Druzynowe Mistrzostwa Polski Juniorow - Ekstraliga"]
[Site "Sypniewo k. Jastrowia"]
[Date "2024-06-17"]
[Round "5.28"]
[White "Ochedzan, Filip"]
[Black "Brzezina, Pawel"]
[Result "1/2-1/2"]
[WhiteTitle "I"]
[BlackTitle "I"]
[WhiteElo "1899"]
[BlackElo "1955"]

1. e4 2. e5 3. Nf3 4. Nc6 5. Bb5 6. a6 7. Ba4 8. Nf6 9. O-O 10. Be7 11. Re1 12.
b5 13. Bb3 14. d6 15. c3 16. O-O 17. h3 18. Nb8 19. d4 20. Nbd7 21. c4 22. c6
23. a3 24. Qb6 25. Nc3 26. exd4 27. Nxd4 28. bxc4 29. Nf5 30. Qd8 31. Bxc4 32.
Nb6 33. Nxe7+ 34. Qxe7 35. Ba2 36. Be6 37. Bf4 38. d5 39. exd5 40. Nbxd5 41. Nxd5
42. Nxd5 43. Bxd5 44. cxd5 45. Qxd5 46. Bxd5 47. Rxe7 48. Rfc8 49. b4 50. Rc4
51. Bd6 52. Re4 53. Rxe4 54. Bxe4 55. f3 56. Bc6 57. a4 58. h6 59. Ra2 60. Rd8
61. Bc5 62. Rd1+ 63. Kf2 64. f6 65. Ke2 66. Rd7 67. Ke3 68. Kf7 69. Bd4 70. Rb7
71. Bc5 72. Rd7 73. b5 74. axb5 75. a5 76. b4 77. Bxb4 78. Bb5 79. Bc5 80. Ba6
81. Rb2 82. Rd8 83. Rb6 84. Ra8 85. Bb4 86. Kg6 87. g3 88. h5 89. h4 90. Bf1 91.
g4 92. Ra6 93. Rb7 94. hxg4 95. fxg4 96. Re6+ 97. Kf2 98. Ba6 99. Ra7 100. Be2
101. h5+ 102. Kh6 103. Bd2+ 104. g5 105. hxg6+ 106. Kxg6 107. Ra8 108. Bxg4 109.
a6 110. Re2+ 111. Kg3 112. Rxd2 113. a7 114. Kf5 115. Rg8 116. Rd3+ 117. Kf2 118.
Bf3 119. a8=Q 120. Bxa8 121. Rxa8 122. Kg5 123. Ra4 124. f5 125. Rb4 126. Ra3
127. Rc4 128. f4 129. Rc8 1/2-1/2

[Event "Druzynowe Mistrzostwa Polski Juniorow - Ekstraliga"]
[Site "Sypniewo k. Jastrowia"]
[Date "2024-06-17"]
[Round "5.29"]
[White "Duda, Aleksandra"]
[Black "Starosta, Martyna"]
[Result "0-1"]
[WhiteTitle "I++"]
[BlackTitle "WFM"]
[WhiteElo "1863"]
[BlackElo "2268"]

1. d4 2. Nf6 3. c4 4. e6 5. Nf3 6. d5 7. e3 8. Bd6 9. Nc3 10. c6 11. Bd3 12. b6
13. O-O 14. dxc4 15. Bxc4 16. Ba6 17. Bxa6 18. Nxa6 19. Qa4 20. Nb8 21. b4 22.
Nbd7 23. Bb2 24. O-O 25. a3 26. b5 27. Qb3 28. Nb6 29. Nd2 30. a5 31. h3 32. axb4
33. axb4 34. Qe7 35. Ba3 36. Nfd5 37. e4 38. Nf4 39. Nf3 40. Nc4 41. e5 42. Bc7
43. Ne4 44. Rfd8 45. Rfd1 46. Bb6 47. Bb2 48. Rxa1 49. Bxa1 50. Nd5 51. Bc3 52.
Ra8 53. Rd3 54. Ra3 55. Qb1 56. Nf4 57. Nc5 58. Rxc3 59. Rxc3 60. Ne2+ 61. Kf1
62. Nxc3 63. Qa1 64. Bxc5 65. dxc5 66. Na4 67. Qd4 68. Kf8 69. Ke2 70. Ke8 71.
Qe4 72. Nc3+ 0-1

[Event "Druzynowe Mistrzostwa Polski Juniorow - Ekstraliga"]
[Site "Sypniewo k. Jastrowia"]
[Date "2024-06-17"]
[Round "5.30"]
[White "Smietanska, Wiktoria"]
[Black "Rusiecki, Katarzyna"]
[Result "1-0"]
[WhiteTitle "CM"]
[BlackTitle "I++"]
[WhiteElo "2133"]
[BlackElo "1744"]

1. d4 2. Nf6 3. c4 4. e6 5. g3 6. d5 7. Bg2 8. c6 9. Nf3 10. Bd6 11. Nc3 12. Nbd7
13. O-O 14. O-O 15. Qc2 16. Re8 17. Rd1 18. Nf8 19. e4 20. Nxe4 21. Nxe4 22. dxe4
23. Qxe4 24. Ng6 25. b3 26. Qc7 27. Bb2 28. Bd7 29. h4 30. Rad8 31. h5 32. Nf8
33. Ne5 34. Bc8 35. h6 36. f5 37. Qe3 38. Bxe5 39. dxe5 40. c5 41. Rd6 42. gxh6
43. Rad1 44. Rd7 45. Qxh6 46. Rg7 47. Bf3 48. Ng6 49. Bh5 50. Rf8 51. Qd2 52.
f4 53. Rd8 54. Rf7 55. Rxf8+ 56. Rxf8 57. Bxg6 58. hxg6 59. gxf4 60. Qf7 61. Bc1
62. Qf5 63. f3 64. b6 65. Qd3 66. Qh5 67. Kg2 68. Bb7 69. Rh1 70. Qf5 71. Qd1
72. Bc6 73. Kf2 74. Be8 75. Qd8 76. Qc2+ 77. Kg3 78. g5 79. Qxg5+ 80. Qg6 81.
Rh6 82. Qxg5+ 83. fxg5 84. Bc6 85. Bf4 86. Re8 87. Rg6+ 88. Kf7 89. Rf6+ 90. Kg7
91. g6 92. Re7 93. Kg4 94. a6 95. Be3 96. Re8 97. Kg5 98. Rb8 99. Rf7+ 100. Kg8
101. Kf6 102. Bxf3 103. Bh6 104. Rd8 105. g7 106. Kh7 107. Rf8 1-0

[Event "Druzynowe Mistrzostwa Polski Juniorow - Ekstraliga"]
[Site "Sypniewo k. Jastrowia"]
[Date "2024-06-17"]
[Round "6.1"]
[White "Rog, Bartlomiej"]
[Black "Demski, Michal"]
[Result "1-0"]
[WhiteTitle "k"]
[BlackTitle "k"]
[WhiteElo "2179"]
[BlackElo "2176"]

1. e4 2. c6 3. Nc3 4. d5 5. Nf3 6. dxe4 7. Nxe4 8. Nf6 9. Qe2 10. Nxe4 11. Qxe4
12. Nd7 13. Bc4 14. Nf6 15. Ne5 16. e6 17. Qe2 18. b5 19. Bd3 20. Bd7 21. a4 22.
b4 23. b3 24. Be7 25. O-O 26. O-O 27. Bb2 28. Qc7 29. f4 30. Nd5 31. Rae1 32.
Bf6 33. Bxh7+ 34. Kxh7 35. Qh5+ 36. Kg8 37. Rf3 38. Bxe5 39. fxe5 40. Rae8 41.
Ref1 42. f5 43. exf6 44. Nxf6 45. Bxf6 46. Bc8 47. Rh3 48. Qd8 1-0

[Event "Druzynowe Mistrzostwa Polski Juniorow - Ekstraliga"]
[Site "Sypniewo k. Jastrowia"]
[Date "2024-06-17"]
[Round "6.2"]
[White "Madej, Marek"]
[Black "Jablonski, Wojciech"]
[Result "1/2-1/2"]
[WhiteTitle "I++"]
[BlackTitle "I"]
[WhiteElo "2152"]
[BlackElo "1960"]

1. e4 2. c5 3. Nf3 4. d6 5. d4 6. cxd4 7. Nxd4 8. Nf6 9. Nc3 10. a6 11. h3 12.
e6 13. g4 14. d5 15. exd5 16. Nxd5 17. Nde2 18. h5 19. Bg2 20. hxg4 21. hxg4 22.
Rxh1+ 23. Bxh1 24. Nc6 25. Nxd5 26. exd5 27. Nd4 28. Qe7+ 29. Be3 30. Qb4+ 31.
c3 32. Qxb2 33. Rc1 34. Be6 35. c4 36. Nxd4 37. Bxd4 38. Qb4+ 39. Kf1 40. dxc4
41. Rb1 42. Qd6 43. Rxb7 44. Rd8 45. Qa4+ 46. Bd7 47. Qxc4 48. Qxd4 49. Qxd4 50.
Bb5+ 51. Rxb5 52. Rxd4 53. Rb8+ 54. Rd8 55. Bc6+ 56. Ke7 57. Rb6 58. a5 59. Ra6
60. Rd6 61. Ra7+ 62. Kf6 63. Be8 64. Be7 65. Rxa5 66. g6 67. Ra4 68. g5 69. Ra5
70. Kg7 71. Rf5 72. f6 73. a4 74. Rd4 75. f3 76. Rd1+ 77. Ke2 78. Ra1 79. Kd3
80. Kf8 81. Bb5 82. Bd8 83. Kc4 84. Rc1+ 85. Kb4 86. Ke7 87. Bc4 88. Bc7 89. Rd5
90. Rb1+ 91. Kc5 92. Ba5 93. Rd3 94. Re1 95. Kb5 96. Re5+ 97. Bd5 98. Be1 99.
Kc6 100. Re2 101. Bc4 102. Re5 103. Rd7+ 104. Ke8 105. Bf7+ 106. Kf8 107. Bd5
108. Re7 109. Rd6 110. Bc3 111. Kb6 112. Re1 113. Bc4 114. Ra1 115. Rd3 116. Be1
117. Bb5 118. Bf2+ 119. Ka6 120. Ke7 121. Kb7 122. Ke6 123. Bc4+ 124. Ke7 125.
Bb3 126. Ra3 127. Kc6 128. Ra1 129. Rd7+ 130. Ke8 131. Rd2 132. Be1 133. Re2+
134. Kf8 135. Ba2 136. Bc3 137. Kb5 138. Rc1 139. a5 140. Bd4 141. Bc4 142. Rb1+
143. Kc6 144. Rb4 145. Bb5 146. Rb3 147. Rd2 148. Bg1 149. Rd3 150. Rb1 151. a6
152. Ra1 153. Rc3 154. Ra5 155. Rc4 156. Ra3 157. Ra4 158. Rxf3 159. a7 160. Bxa7
161. Rxa7 162. f5 163. gxf5 164. Rxf5 165. Bc4 166. g4 167. Kd6 168. g3 169. Ra8+
170. Kg7 171. Rg8+ 172. Kf6 173. Rxg3 174. Rg5 175. Re3 176. Rf5 177. Re8 178.
Kg5 179. Be6 180. Ra5 181. Rf8 182. Ra1 183. Rf5+ 184. Kg6 185. Rf2 186. Rd1+
187. Bd5 188. Re1 189. Bg2 190. Kg5 191. Kd5 192. Re8 193. Bh3 194. Rd8+ 195.
Ke5 196. Kh4 197. Rf3 198. Ra8 199. Bf5 200. Kg5 201. Rg3+ 202. Kh6 203. Be6 204.
Rf8 205. Rg2 206. Kh5 207. Bf5 208. Kh6 209. Kf4 210. Rf6 211. Rh2+ 212. Kg7 213.
Ke5 214. Rb6 215. Rh7+ 216. Kg8 217. Ra7 218. Rb5+ 219. Kf6 220. Rb8 221. Be6+
222. Kh8 223. Ra1 224. Rb7 225. Rh1+ 226. Rh7 227. Re1 228. Rh6+ 229. Kf7 230.
Rh7+ 231. Kf8 232. Rh2 233. Rg1 234. Kh7 235. Ke7 236. Rf2 237. Kd6 238. Re2 239.
Kd5 240. Kh6 241. Bf5 242. Ra2 243. Ke5 244. Ra5+ 245. Kf6 246. Ra6+ 247. Be6
248. Ra5 249. Rg8 250. Ra7 251. Rb8 252. Rc7 253. Rg8 254. Ra7 255. Rg2 256. Ra5
257. Rg1 258. Rc5 259. Rg6+ 260. Kh5 261. Rg3 262. Kh6 263. Rg8 264. Rc7 265.
Rg6+ 266. Kh7 267. Rg4 268. Kh8 269. Rd4 270. Ra7 271. Rd8+ 272. Kh7 273. Bf5+
274. Kh6 275. Rh8+ 1/2-1/2

[Event "Druzynowe Mistrzostwa Polski Juniorow - Ekstraliga"]
[Site "Sypniewo k. Jastrowia"]
[Date "2024-06-17"]
[Round "6.3"]
[White "Rozanski, Mateusz"]
[Black "Perucki, Maciej"]
[Result "1/2-1/2"]
[WhiteTitle "I+"]
[BlackTitle "I"]
[WhiteElo "2024"]
[BlackElo "1878"]

1. e4 2. c5 3. Nc3 4. Nc6 5. Bb5 6. Nd4 7. Nf3 8. a6 9. Bd3 10. d6 11. Nxd4 12.
cxd4 13. Ne2 14. e5 15. c3 16. dxc3 17. dxc3 18. Nf6 19. O-O 20. Be7 21. h3 22.
d5 23. exd5 24. Qxd5 25. Bg5 26. h6 27. Bxf6 28. Bxf6 29. Ng3 30. Qc6 31. Qe2
32. O-O 33. Rad1 34. g6 35. Be4 36. Qb6 37. Bd5 38. Be6 39. Ne4 40. Bg7 41. c4
42. Bxd5 43. Rxd5 44. Rfd8 45. Rfd1 46. Rxd5 47. Rxd5 48. Rd8 49. c5 50. Qc7 51.
Qd3 52. Rxd5 53. Qxd5 54. Qc6 55. Qxc6 56. bxc6 57. b4 58. Kf8 59. Kf1 60. Ke7
61. Nd6 62. f5 63. f3 64. Bf8 65. Nc8+ 66. Ke6 67. Nb6 68. Be7 69. Ke2 70. e4
71. Nc8 72. Bg5 73. Nd6 1/2-1/2

[Event "Druzynowe Mistrzostwa Polski Juniorow - Ekstraliga"]
[Site "Sypniewo k. Jastrowia"]
[Date "2024-06-17"]
[Round "6.4"]
[White "Ochedzan, Filip"]
[Black "Lewek, Jakub"]
[Result "1-0"]
[WhiteTitle "I"]
[BlackTitle "I"]
[WhiteElo "1899"]
[BlackElo "1521"]

1. e4 2. e6 3. d4 4. d5 5. Nc3 6. dxe4 7. Nxe4 8. Nd7 9. Nf3 10. Ngf6 11. Nxf6+
12. Nxf6 13. g3 14. b6 15. Bb5+ 16. Bd7 17. a4 18. a6 19. Be2 20. Bd6 21. Ne5
22. c6 23. Bf3 24. Qc7 25. Qe2 26. O-O 27. O-O 28. Ra7 29. b3 30. Nd5 31. Bb2
32. f6 33. Nc4 34. c5 35. Nxd6 36. Qxd6 37. dxc5 38. bxc5 39. Rad1 40. Qc7 41.
Bxd5 42. exd5 43. Rxd5 44. Qc6 45. Rfd1 46. Re8 47. Qh5 48. Be6 49. Rxc5 50. Qa8
51. Rc3 52. g6 53. Qc5 54. Rae7 55. Re3 56. Kg7 57. Rde1 58. Rd7 59. Qg5 60. Rf8
61. Rxe6 62. Rd5 63. Re7+ 64. Kg8 65. Qh6 1-0

[Event "Druzynowe Mistrzostwa Polski Juniorow - Ekstraliga"]
[Site "Sypniewo k. Jastrowia"]
[Date "2024-06-17"]
[Round "6.5"]
[White "Siekanska, Maria"]
[Black "Starosta, Martyna"]
[Result "1/2-1/2"]
[WhiteTitle "WFM"]
[BlackTitle "WFM"]
[WhiteElo "2204"]
[BlackElo "2268"]

1. d4 2. d5 3. Bf4 4. c5 5. e3 6. Nc6 7. c3 8. Qb6 9. Qb3 10. c4 11. Qxb6 12. axb6
13. Nd2 14. b5 15. a3 16. b4 17. cxb4 18. Nxb4 19. Rc1 20. Nc6 21. Ngf3 22. Nf6
23. h3 24. b5 25. Be2 26. Nd7 27. e4 28. e6 29. O-O 30. f6 31. exd5 32. exd5 33.
Nb1 34. b4 35. axb4 36. Bxb4 37. b3 38. Ra2 39. Bd2 40. Bxd2 41. Nbxd2 42. Nxd4
43. Rfe1 44. Nxe2+ 45. Rxe2+ 46. Kf7 47. bxc4 48. dxc4 49. Re4 50. Bb7 51. Rexc4
52. Bxf3 53. Nxf3 54. Rha8 55. Rc7 56. R8a7 57. Rxa7 58. Rxa7 59. g3 60. Nb6 61.
Rc5 62. Nd7 1/2-1/2

[Event "Druzynowe Mistrzostwa Polski Juniorow - Ekstraliga"]
[Site "Sypniewo k. Jastrowia"]
[Date "2024-06-17"]
[Round "6.6"]
[White "Smietanska, Wiktoria"]
[Black "Mataczyna, Aleksandra"]
[Result "1-0"]
[WhiteTitle "CM"]
[BlackTitle "I"]
[WhiteElo "2133"]
[BlackElo "1723"]

1. Nf3 2. d5 3. c4 4. c6 5. e3 6. Nf6 7. b3 8. Bf5 9. Bb2 10. e6 11. Be2 12. h6
13. d4 14. Bd6 15. O-O 16. O-O 17. Bd3 18. Ne4 19. Nc3 20. Nd7 21. Bxe4 22. dxe4
23. Nd2 24. Nf6 25. h3 26. Rc8 27. f3 28. exf3 29. Qxf3 30. Bb8 31. Ne2 32. Qc7
33. e4 34. Bg6 35. e5 36. Nd7 37. Nf4 38. c5 39. Nxg6 40. fxg6 41. Qg4 42. cxd4
43. Qxe6+ 44. Kh7 45. Bxd4 46. Nxe5 47. Bxe5 48. Qc5+ 49. Kh1 50. Qxe5 51. Qxe5
52. Bxe5 53. Rad1 54. Rfd8 55. Nf3 56. Bf6 57. Kg1 58. Rxd1 59. Rxd1 60. Rd8 61.
Rxd8 62. Bxd8 63. Kf2 64. Be7 65. Ke3 66. Bc5+ 67. Ke4 68. Kg8 69. Kd5 70. Be7
71. Ne5 72. g5 73. c5 74. Bf6 75. b4 76. a6 77. Kd6 78. h5 79. a4 80. h4 81. b5
1-0

[Event "Druzynowe Mistrzostwa Polski Juniorow - Ekstraliga"]
[Site "Sypniewo k. Jastrowia"]
[Date "2024-06-17"]
[Round "6.7"]
[White "Fiszer, Bartosz"]
[Black "Cieslak, Patryk"]
[Result "1/2-1/2"]
[WhiteTitle "CM"]
[BlackTitle "FM"]
[WhiteElo "2275"]
[BlackElo "2358"]

1. e4 2. e5 3. Nf3 4. Nc6 5. Bb5 6. a6 7. Ba4 8. Nf6 9. O-O 10. Bc5 11. c3 12.
O-O 13. d4 14. Ba7 15. dxe5 16. Nxe4 17. Bc2 18. d5 19. exd6 20. Nxd6 21. Bf4
22. Bg4 23. h3 24. Bh5 25. Qd5 26. Bg6 27. Bxg6 28. hxg6 29. Na3 30. Ne7 31. Qd3
32. Nef5 33. Rad1 34. Qe8 35. g4 36. Qa4 37. c4 38. Ne7 39. Bxd6 40. cxd6 41.
Qxd6 42. Nc6 43. b3 44. Qa5 45. Rd5 46. Qc3 47. Rd3 48. Qa5 49. Rd5 50. Qc3 51.
Rd3 52. Qa5 53. Rd5 1/2-1/2

[Event "Druzynowe Mistrzostwa Polski Juniorow - Ekstraliga"]
[Site "Sypniewo k. Jastrowia"]
[Date "2024-06-17"]
[Round "6.8"]
[White "Maslanka, Wojciech"]
[Black "Kowalski, Witold"]
[Result "1-0"]
[WhiteTitle "k"]
[BlackTitle "I++"]
[WhiteElo "2103"]
[BlackElo "1971"]

1. e4 2. c5 3. Nf3 4. e6 5. d4 6. cxd4 7. Nxd4 8. Nc6 9. Nc3 10. Qc7 11. Be3 12.
a6 13. Qf3 14. b5 15. Qg3 16. Qxg3 17. hxg3 18. Bb7 19. Nb3 20. d6 21. O-O-O 22.
Be7 23. f3 24. Nf6 25. g4 26. O-O 27. Be2 28. Rfd8 29. Bf4 30. h6 31. Rd2 32.
Rac8 33. Rhd1 34. Ne8 35. Kb1 36. Ne5 37. Na5 38. Ba8 39. a3 40. Nc4 41. Bxc4
42. bxc4 43. Na4 44. Bf6 45. Nb6 46. c3 47. Nxc8 48. cxd2 49. Nb6 50. Rb8 51.
Nac4 52. g5 53. Nxa8 54. Rxa8 55. Be3 56. d5 57. exd5 58. exd5 59. Nxd2 60. Nd6
61. Nb3 62. Bxb2 63. Kxb2 64. Nc4+ 65. Kc1 66. Nxe3 67. Rd3 68. Nxg2 69. Rxd5
70. Ne3 71. Ra5 72. Rc8 73. Rc5 74. Ra8 75. Rc6 76. f5 77. Re6 78. f4 79. Rxh6
80. Kg7 81. Rc6 82. Rh8 83. Nd4 84. Rh1+ 85. Kb2 86. Rf1 87. Rxa6 88. Nc4+ 89.
Kc3 90. Ne5 91. Ne6+ 92. Kf6 93. Nxf4+ 94. Kf7 95. Nd3 96. Rxf3 97. Ra5 98. Nxg4
99. Rxg5 100. Nf6 101. Re5 102. Rf1 103. a4 104. Ra1 105. Kb3 106. Nd7 107. Re2
108. Nb6 109. Nb2 110. Nc8 111. c4 112. Ne7 113. c5 114. Nc6 115. Kc4 116. Rc1+
117. Kd5 118. Ne7+ 119. Kd6 120. Nf5+ 121. Kc7 122. Rxc5+ 123. Kb6 124. Rc3 125.
a5 126. Nd4 127. Rf2+ 128. Ke7 129. a6 130. Rb3+ 131. Kc5 132. Ne6+ 133. Kc6 134.
Ra3 135. Kb6 136. Rb3+ 137. Ka5 138. Ra3+ 139. Na4 140. Nd4 141. Rf4 142. Nc6+
143. Kb6 144. Kd7 145. Nc5+ 146. Kd6 147. Rf6+ 148. Kd5 149. Rxc6 150. Rxa6+ 151.
Nxa6 1-0

[Event "Druzynowe Mistrzostwa Polski Juniorow - Ekstraliga"]
[Site "Sypniewo k. Jastrowia"]
[Date "2024-06-17"]
[Round "6.9"]
[White "Niezhentsev, Kyrylo"]
[Black "Brzezina, Piotr"]
[Result "0-1"]
[WhiteTitle "I++"]
[BlackTitle "FM"]
[WhiteElo "2140"]
[BlackElo "2298"]

1. e4 2. c5 3. Nf3 4. d6 5. d4 6. cxd4 7. Nxd4 8. Nf6 9. f3 10. e5 11. Nb3 12.
a5 13. a4 14. Be7 15. c4 16. Be6 17. Be3 18. Nc6 19. Nc3 20. Nb4 21. Nd5 22. Nfxd5
23. cxd5 24. Bd7 25. Nd2 26. Bg5 27. Bxg5 28. Qxg5 29. Nc4 30. O-O 31. Qd2 32.
Qg6 33. Nb6 34. Rad8 35. g4 36. Qf6 37. Ra3 38. Qh4+ 39. Kd1 40. g6 41. Rc3 42.
f5 43. gxf5 44. gxf5 45. Qe1 46. Qh6 47. Rc7 48. Be8 49. Qd2 50. Qh4 51. Rc4 52.
fxe4 53. Rxe4 54. Qf6 55. Re3 56. Bg6 57. Bh3 58. Qh4 59. Be6+ 60. Kh8 61. Rc3
62. Rf4 63. Qg2 64. Rd4+ 65. Ke2 66. Bd3+ 67. Ke3 68. Nc2+ 69. Rxc2 70. Qf4+ 71.
Kf2 72. Bxc2 73. Re1 74. Rd2+ 75. Re2 76. Qh4+ 77. Qg3 78. Qd4+ 79. Kf1 80. Rxe2
81. Kxe2 82. Bd3+ 83. Kd2 84. Bg6+ 85. Kc1 86. Qxb6 87. Qg5 88. Qc7+ 89. Kd2 90.
Rf8 91. h4 92. Qd8 93. Qg4 94. Rf4 0-1

[Event "Druzynowe Mistrzostwa Polski Juniorow - Ekstraliga"]
[Site "Sypniewo k. Jastrowia"]
[Date "2024-06-17"]
[Round "6.10"]
[White "Brzezina, Pawel"]
[Black "Klim, Juliusz"]
[Result "1-0"]
[WhiteTitle "I"]
[BlackTitle "I++"]
[WhiteElo "1955"]
[BlackElo "1882"]

1. e4 2. c5 3. Nf3 4. d6 5. d4 6. cxd4 7. Nxd4 8. Nf6 9. Nc3 10. a6 11. Be3 12.
e5 13. Nf3 14. Be7 15. h3 16. O-O 17. g4 18. Be6 19. g5 20. Ne8 21. Qd2 22. Nd7
23. h4 24. f6 25. gxf6 26. Bxf6 27. Bh3 28. Bf7 29. Ng5 30. Bxg5 31. hxg5 32.
Nc5 33. O-O-O 34. Qe7 35. Nd5 36. Bxd5 37. Qxd5+ 38. Qf7 39. Bxc5 40. Qxd5 41.
Rxd5 42. dxc5 43. Be6+ 44. Kh8 45. Bf5 46. Kg8 47. Bxh7+ 48. Kf7 49. Bf5 1-0

[Event "Druzynowe Mistrzostwa Polski Juniorow - Ekstraliga"]
[Site "Sypniewo k. Jastrowia"]
[Date "2024-06-17"]
[Round "6.11"]
[White "Sprzeczka, Emilia"]
[Black "Oborska, Magda"]
[Result "0-1"]
[WhiteTitle "k+"]
[BlackTitle "I++"]
[WhiteElo "2017"]
[BlackElo "1772"]

1. e4 2. e5 3. Nf3 4. Nc6 5. Bc4 6. Bc5 7. c3 8. Nf6 9. d3 10. d6 11. Bb3 12. a6
13. O-O 14. O-O 15. Nbd2 16. Ba7 17. Re1 18. Ng4 19. Re2 20. Kh8 21. h3 22. f5
23. exf5 24. Nh6 25. g4 26. Nxf5 27. gxf5 28. Bxf5 29. Ne4 30. d5 31. Bg5 32.
Qd7 33. Ng3 34. Bxh3 35. Nh2 36. Bg4 37. Nxg4 38. Qxg4 39. Be3 40. d4 41. cxd4
42. Nxd4 43. Bd5 44. Nxe2+ 45. Qxe2 46. Qxe2 47. Nxe2 48. Bxe3 49. fxe3 50. c6
51. Bg2 52. Rf6 53. Ng3 54. Rd8 55. Rd1 56. Rfd6 57. Be4 58. g6 59. Rd2 60. Kg7
61. Rg2 62. Kh8 63. Nf1 64. b6 65. Nd2 66. c5 67. Nc4 68. Re6 69. Rg5 70. Kg7
71. Rxe5 72. Rxe5 73. Nxe5 74. Re8 75. Nd7 76. c4 77. Nxb6 78. cxd3 79. Bxd3 80.
Rxe3 81. Bf1 82. Re6 83. Nd7 84. Rd6 85. Nc5 86. a5 87. b3 88. h5 89. a4 90. Rb6
91. Bb5 92. g5 93. Nd7 94. Rb7 95. Ne5 96. Ra7 97. Kg2 98. Kf6 99. Nc6 100. Ra8
101. Bc4 102. g4 103. Bd5 104. Ra6 105. Kg3 106. Kg5 107. Be4 108. h4+ 109. Kh2
110. Kf4 111. Bd5 112. Ra8 113. Bc4 114. Re8 115. Nxa5 116. Rd8 117. Nc6 118.
Rd2+ 119. Kg1 120. g3 121. Bf1 122. Rd1 123. Nb4 124. h3 125. Nd3+ 126. Ke3 127.
Ne5 128. h2+ 129. Kg2 130. Rxf1 131. Ng4+ 132. Kf4 0-1

[Event "Druzynowe Mistrzostwa Polski Juniorow - Ekstraliga"]
[Site "Sypniewo k. Jastrowia"]
[Date "2024-06-17"]
[Round "6.12"]
[White "Rusiecki, Katarzyna"]
[Black "Izafatava, Kira"]
[Result "0-1"]
[WhiteTitle "I++"]
[BlackTitle "I++"]
[WhiteElo "1744"]
[BlackElo "1761"]

1. d4 2. d5 3. c4 4. e6 5. Nc3 6. a6 7. cxd5 8. exd5 9. Qb3 10. c5 11. Qxd5 12.
cxd4 13. Qxd8+ 14. Kxd8 15. Nd5 16. Be6 17. e4 18. Bxd5 19. exd5 20. Nf6 21. Nf3
22. Bb4+ 23. Bd2 24. Re8+ 25. Kd1 26. Bxd2 27. Kxd2 28. Ne4+ 29. Kc2 30. Nd7 31.
b4 32. Rc8+ 33. Kb2 34. Nxf2 35. Rg1 36. d3 37. Rc1 38. Nb6 39. Rxc8+ 40. Kxc8
41. Nd2 42. Nxd5 43. g3 44. Nxb4 45. a3 46. Nc6 47. Rg2 48. Nd1+ 49. Kb3 50. Ne3
51. Rf2 52. Nxf1 53. Rxf1 54. f6 55. Nc4 56. Re2 0-1

[Event "Druzynowe Mistrzostwa Polski Juniorow - Ekstraliga"]
[Site "Sypniewo k. Jastrowia"]
[Date "2024-06-17"]
[Round "6.13"]
[White "Chyzy, Jakub"]
[Black "Karolczuk, Iwo"]
[Result "1/2-1/2"]
[WhiteTitle "FM"]
[BlackTitle "FM"]
[WhiteElo "2335"]
[BlackElo "2293"]

1. e4 2. c5 3. Nf3 4. e6 5. d4 6. cxd4 7. Nxd4 8. a6 9. Bd3 10. Bc5 11. Nb3 12.
Ba7 13. Qe2 14. Ne7 15. Be3 16. O-O 17. O-O 18. Nbc6 19. Nc3 20. b5 21. Rad1 22.
Ne5 23. f4 24. Nxd3 25. Rxd3 26. f5 27. Rfd1 28. b4 29. Bxa7 30. Rxa7 31. Na4
32. fxe4 33. Qxe4 34. Qc7 35. Qxb4 36. Nd5 37. Qc5 38. Nxf4 39. Rf3 40. Qxc5+
41. Nbxc5 42. Rc7 43. Rd6 44. a5 45. c4 46. Ng6 47. b3 48. Rxf3 49. gxf3 50. Kf7
51. Kf2 52. Ke7 53. Rb6 54. d6 55. Nd3 56. Bd7 57. Nc3 58. a4 59. Ke3 60. axb3
61. axb3 62. Nh4 63. Nb4 64. g5 65. Na6 66. Rc6 67. Rxc6 68. Bxc6 69. Ne4 70.
h6 71. Nb4 72. Ba8 73. Nc2 74. Ng2+ 75. Kd4 76. Nh4 77. Ke3 78. Ng2+ 79. Kd4 80.
Nh4 81. Ke3 1/2-1/2

[Event "Druzynowe Mistrzostwa Polski Juniorow - Ekstraliga"]
[Site "Sypniewo k. Jastrowia"]
[Date "2024-06-17"]
[Round "6.14"]
[White "Backiel, Hubert"]
[Black "Krawczyk, Flawian"]
[Result "1-0"]
[WhiteTitle "k"]
[BlackTitle "CM"]
[WhiteElo "2200"]
[BlackElo "2311"]

1. e4 2. c5 3. Nf3 4. d6 5. d4 6. cxd4 7. Nxd4 8. Nf6 9. Nc3 10. a6 11. Bc4 12.
e6 13. Be3 14. Qc7 15. Bb3 16. Nc6 17. f3 18. Na5 19. g4 20. Nc4 21. Bxc4 22.
Qxc4 23. Qd2 24. b5 25. h4 26. Nd7 27. g5 28. Ne5 29. Kf2 30. Qc7 31. b3 32. Bb7
33. h5 34. Rc8 35. Nce2 36. d5 37. exd5 38. Bxd5 39. Nf4 40. Bb7 41. g6 42. hxg6
43. hxg6 44. Ng4+ 45. Kg3 46. Rxh1 47. Rxh1 48. Nxe3 49. Qxe3 50. e5 51. Rh5 52.
e4 53. gxf7+ 54. Kxf7 55. Ne6 56. Qxc2 57. Qd4 58. exf3 59. Qe5 60. Be7 61. Qxg7+
62. Ke8 63. Qd4 64. Kf7 65. Qg7+ 66. Ke8 67. Rh7 68. Rc7 69. Qg8+ 70. Kd7 71.
Qd8+ 1-0

[Event "Druzynowe Mistrzostwa Polski Juniorow - Ekstraliga"]
[Site "Sypniewo k. Jastrowia"]
[Date "2024-06-17"]
[Round "6.15"]
[White "Sowinski, Pawel"]
[Black "Chiszko, Oskar"]
[Result "1-0"]
[WhiteTitle "FM"]
[BlackTitle "I"]
[WhiteElo "2428"]
[BlackElo "2045"]

1. e4 2. c6 3. d4 4. d5 5. e5 6. c5 7. Nf3 8. cxd4 9. Qxd4 10. Nc6 11. Qf4 12.
e6 13. Bd3 14. Qc7 15. Nc3 16. Bb4 17. O-O 18. a6 19. Qg3 20. f5 21. Ne2 22. Bf8
23. Bd2 24. Nge7 25. c4 26. Bd7 27. cxd5 28. Nxd5 29. Bc4 30. Nb6 31. Bb3 32.
O-O-O 33. Rac1 34. Kb8 35. Ned4 36. g6 37. Bxe6 38. Ka7 39. Be3 40. Qb8 41. Bxd7
42. Nxd4 43. Bxd4 44. Rxd7 45. Qf4 46. Rxd4 47. Qxd4 48. Be7 49. Qe3 50. g5 51.
Rfd1 52. f4 53. Qe4 54. g4 55. Nd4 56. g3 57. Qxf4 58. gxf2+ 59. Qxf2 60. Rd8
61. Nf3 62. Rxd1+ 63. Rxd1 64. Qc7 65. Kh1 66. Qc4 67. b3 68. Qg4 69. Qe3 70.
h5 71. e6 72. h4 73. h3 74. Qg6 75. Re1 76. Qg3 77. Qd4 1-0

[Event "Druzynowe Mistrzostwa Polski Juniorow - Ekstraliga"]
[Site "Sypniewo k. Jastrowia"]
[Date "2024-06-17"]
[Round "6.16"]
[White "Wojtacha, Krzysztof"]
[Black "Golis, Wiktor"]
[Result "1/2-1/2"]
[WhiteTitle "I"]
[BlackTitle "I++"]
[WhiteElo "1826"]
[BlackElo "2228"]

1. e4 c6 2. d4 3. d5 4. Nc3 5. dxe4 6. Nxe4 7. Nf6 8. Nxf6+ 9. exf6 10. c3 11.
Bd6 12. Bd3 13. O-O 14. Ne2 15. c5 16. d5 17. Nd7 18. Qc2 19. g6 20. f4 21. f5
22. Bd2 23. Nf6 24. c4 25. Bd7 26. O-O 27. Re8 28. Nc3 29. Ng4 30. Rf3 31. Qh4
32. h3 33. Nf6 34. Kh2 35. Re7 36. g3 37. Qh5 38. Kg2 39. Rae8 40. Rff1 41. Ne4
42. Rae1 43. Qh6 44. Rh1 45. Nxd2 46. Qxd2 47. Qg7 48. Rxe7 49. Rxe7 50. Re1 51.
Rxe1 52. Qxe1 53. a6 54. Qd2 55. Bc7 56. Qe3 57. Bd6 58. Qd2 59. Bc7 60. Qe3 61.
Bd6 62. Qd2 1/2-1/2